EPL Winning Teams, Managers, Captains & Top Scorers Quiz Stats

 Plays Quiz Updated May 15, 2018

Challenge
Share
Tweet
Embed
Score 0/104 Timer 04:00
51 Plays Today
Hint Answer % Correct
Champions1992-93 Manchester United
98.1%
Champions1993-94 Manchester United
98.1%
Champions2000-01 Manchester United
98.1%
Champions1998-99 Manchester United
98.1%
Champions2002-03 Manchester United
98.1%
Champions1995-96 Manchester United
98.1%
Champions1999-00 Manchester United
98.1%
Champions1996-97 Manchester United
98.1%
Champions2006-07 Manchester United
98.1%
Champions2010-11 Manchester United
98.1%
Champions2007-08 Manchester United
98.1%
Champions2008-09 Manchester United
98.1%
Champions2012-13 Manchester United
98.1%
Champions2004-05 Chelsea
97.1%
Champions2005-06 Chelsea
97.1%
Champions2009-10 Chelsea
97.1%
Champions2014-15 Chelsea
96.7%
Champions2016-17 Chelsea
96.5%
Champions2011-12 Manchester City
96.3%
Champions1997-98 Arsenal
96.2%
Champions2003-04 Arsenal
96.2%
Champions2001-02 Arsenal
96.2%
Champions2017-18 Manchester City
96.2%
Champions2013-14 Manchester City
96%
ManagerAlex Ferguson
94.7%
ManagerAlex Ferguson
94.7%
ManagerAlex Ferguson
94.7%
ManagerAlex Ferguson
94.7%
ManagerAlex Ferguson
94.7%
ManagerAlex Ferguson
94.7%
ManagerAlex Ferguson
94.7%
ManagerAlex Ferguson
94.7%
ManagerAlex Ferguson
94.7%
ManagerAlex Ferguson
94.7%
ManagerAlex Ferguson
94.7%
Hint Answer % Correct
ManagerAlex Ferguson
94.7%
ManagerAlex Ferguson
94.7%
Champions2015-16 Leicester City
92.2%
ManagerArsène Wenger
90.6%
ManagerArsène Wenger
90.6%
ManagerArsène Wenger
90.6%
ManagerJosé Mourinho
90.4%
ManagerJosé Mourinho
89.9%
ManagerJosé Mourinho
89.9%
Champions1994-95 Blackburn Rovers
86.9%
ManagerPep Guardiola
84.3%
Club CaptainJohn Terry
83.9%
Club CaptainJohn Terry
83.5%
Club CaptainJohn Terry
83.5%
Club CaptainJohn Terry
83.5%
Club CaptainJohn Terry
82.5%
ManagerAntonio Conte
82.1%
ManagerClaudio Ranieri
81.5%
Top ScorerThierry Henry 30
79.5%
Top ScorerThierry Henry 24
79.5%
Top ScorerSergio Agüero 21
78%
ManagerRoberto Mancini
75.4%
Top ScorerSergio Agüero 23
74.9%
Club CaptainVincent Kompany
74.3%
Top ScorerJamie Vardy 22
74.2%
Club CaptainRoy Keane
72.2%
Club CaptainRoy Keane
72.2%
Club CaptainRoy Keane
72.2%
Club CaptainRoy Keane
72.2%
Top ScorerDiego Costa 20
72.1%
Top ScorerDidier Drogba 29
72%
ManagerManuel Pellegrini
71.8%
Club CaptainVincent Kompany
71.1%
Club CaptainVincent Kompany
70.8%
Club CaptainNemanja Vidić
68.4%
Hint Answer % Correct
Top ScorerAlan Shearer 34
68.4%
Club CaptainWes Morgan
67.4%
Top ScorerCristiano Ronaldo 17
67.1%
Top ScorerCristiano Ronaldo 18
67.1%
Top ScorerCristiano Ronaldo 31
67.1%
Top ScorerRobin van Persie 26
66.1%
Top ScorerDiego Costa 20
64%
ManagerCarlo Ancelotti
62.2%
Club CaptainTony Adams
58.2%
Club CaptainTony Adams
58.2%
Club CaptainGary Neville
57.9%
Club CaptainGary Neville
57.9%
Club CaptainGary Neville
57.9%
Club CaptainGary Neville
57.9%
Top ScorerFrank Lampard 13
57.5%
Top ScorerFrank Lampard 16
57.5%
Club CaptainEric Cantona
57.4%
Top ScorerEric Cantona 14
57.4%
Top ScorerEric Cantona 18
57.3%
Top ScorerDwight Yorke 18
56.2%
Top ScorerDwight Yorke 20
56.2%
Top ScorerRuud van Nistelrooy 25
55.4%
ManagerKenny Dalglish
52.2%
Club CaptainPatrick Vieira
50.7%
Club CaptainSteve Bruce
49%
Top ScorerYaya Touré 20
45.9%
Top ScorerDennis Bergkamp 16
43.3%
Top ScorerDimitar Berbatov 20
39.9%
Top ScorerTeddy Sheringham 15
38.6%
Top ScorerMark Hughes 15
35.5%
Club CaptainTim Sherwood
34.9%
Club CaptainBryan Robson
34.5%
Club CaptainBryan Robson
34.5%
Top ScorerOle Gunnar Solskjær 18
27.4%

You're not logged in!

Compare scores with friends on all Sporcle quizzes.
Join for Free
OR
Log In

You Might Also Like...

Show Comments

Extras

Top Quizzes Today


Score Distribution

Your Account Isn't Verified!

In order to create a playlist on Sporcle, you need to verify the email address you used during registration. Go to your Sporcle Settings to finish the process.

Report this User

Report this user for behavior that violates our Community Guidelines.

Details: